<?xml version="1.0" encoding="UTF-8"?><?xml-stylesheet type="text/xsl" href="static/style.xsl"?><OAI-PMH xmlns="http://www.openarchives.org/OAI/2.0/" xmlns:xsi="http://www.w3.org/2001/XMLSchema-instance" xsi:schemaLocation="http://www.openarchives.org/OAI/2.0/ http://www.openarchives.org/OAI/2.0/OAI-PMH.xsd"><responseDate>2026-04-13T04:53:16Z</responseDate><request verb="GetRecord" identifier="oai:www.recercat.cat:2445/134634" metadataPrefix="marc">https://recercat.cat/oai/request</request><GetRecord><record><header><identifier>oai:recercat.cat:2445/134634</identifier><datestamp>2025-12-04T23:52:05Z</datestamp><setSpec>com_2072_1057</setSpec><setSpec>col_2072_478917</setSpec></header><metadata><record xmlns="http://www.loc.gov/MARC21/slim" xmlns:dcterms="http://purl.org/dc/terms/" xmlns:xsi="http://www.w3.org/2001/XMLSchema-instance" xmlns:doc="http://www.lyncode.com/xoai" xsi:schemaLocation="http://www.loc.gov/MARC21/slim http://www.loc.gov/standards/marcxml/schema/MARC21slim.xsd">
   <leader>00925njm 22002777a 4500</leader>
   <datafield ind2=" " ind1=" " tag="042">
      <subfield code="a">dc</subfield>
   </datafield>
   <datafield ind2=" " ind1=" " tag="720">
      <subfield code="a">Bassat Orellana, Quique</subfield>
      <subfield code="e">author</subfield>
   </datafield>
   <datafield ind2=" " ind1=" " tag="720">
      <subfield code="a">García-Basteiro, Alberto L.</subfield>
      <subfield code="e">author</subfield>
   </datafield>
   <datafield ind2=" " ind1=" " tag="720">
      <subfield code="a">GBD 2016 Lower Respiratory Infections Collaborators</subfield>
      <subfield code="e">author</subfield>
   </datafield>
   <datafield ind2=" " ind1=" " tag="260">
      <subfield code="c">2019-06-05T14:06:29Z</subfield>
   </datafield>
   <datafield ind2=" " ind1=" " tag="260">
      <subfield code="c">2019-06-05T14:06:29Z</subfield>
   </datafield>
   <datafield ind2=" " ind1=" " tag="260">
      <subfield code="c">2018-11-01</subfield>
   </datafield>
   <datafield ind2=" " ind1=" " tag="260">
      <subfield code="c">2019-05-27T08:58:40Z</subfield>
   </datafield>
   <datafield ind2=" " ind1=" " tag="520">
      <subfield code="a">Background: Lower respiratory infections are a leading cause of morbidity and mortality around the world. The Global&#xd;
Burden of Diseases, Injuries, and Risk Factors (GBD) Study 2016, provides an up-to-date analysis of the burden of&#xd;
lower respiratory infections in 195 countries. This study assesses cases, deaths, and aetiologies spanning the past&#xd;
26 years and shows how the burden of lower respiratory infection has changed in people of all ages.&#xd;
Methods: We used three separate modelling strategies for lower respiratory infections in GBD 2016: a Bayesian&#xd;
hierarchical ensemble modelling platform (Cause of Death Ensemble model), which uses vital registration, verbal&#xd;
autopsy data, and surveillance system data to predict mortality due to lower respiratory infections; a compartmental&#xd;
meta-regression tool (DisMod-MR), which uses scientific literature, population representative surveys, and healthcare data to predict incidence, prevalence, and mortality; and modelling of counterfactual estimates of the population&#xd;
attributable fraction of lower respiratory infection episodes due to Streptococcus pneumoniae, Haemophilus influenzae&#xd;
type b, influenza, and respiratory syncytial virus. We calculated each modelled estimate for each age, sex, year, and&#xd;
location. We modelled the exposure level in a population for a given risk factor using DisMod-MR and a spatiotemporal Gaussian process regression, and assessed the effectiveness of targeted interventions for each risk factor in&#xd;
children younger than 5 years. We also did a decomposition analysis of the change in LRI deaths from 2000–16 using&#xd;
the risk factors associated with LRI in GBD 2016.&#xd;
Findings: In 2016, lower respiratory infections caused 652 572 deaths (95% uncertainty interval [UI] 586475–720 612)&#xd;
in children younger than 5 years (under-5s), 1 080958 deaths (943 749–1 170638) in adults older than 70 years, and&#xd;
2 377697 deaths (2145584–2512809) in people of all ages, worldwide. Streptococcus pneumoniae was the leading cause&#xd;
of lower respiratory infection morbidity and mortality globally, contributing to more deaths than all other aetiologies&#xd;
combined in 2016 (1 189937 deaths, 95% UI 690 445–1770 660). Childhood wasting remains the leading risk factor for&#xd;
lower respiratory infection mortality among children younger than 5 years, responsible for 61·4% of lower respiratory&#xd;
infection deaths in 2016 (95% UI 45·7–69·6). Interventions to improve wasting, household air pollution, ambient&#xd;
particulate matter pollution, and expanded antibiotic use could avert one under-5 death due to lower respiratory&#xd;
infection for every 4000 children treated in the countries with the highest lower respiratory infection burden.&#xd;
Interpretation: Our findings show substantial progress in the reduction of lower respiratory infection burden, but this&#xd;
progress has not been equal across locations, has been driven by decreases in several primary risk factors, and might&#xd;
require more effort among elderly adults. By highlighting regions and populations with the highest burden, and the&#xd;
risk factors that could have the greatest effect, funders, policy makers, and programme implementers can more&#xd;
effectively reduce lower respiratory infections among the world’s most susceptible populations.</subfield>
   </datafield>
   <datafield tag="653" ind2=" " ind1=" ">
      <subfield code="a">Infeccions respiratòries</subfield>
   </datafield>
   <datafield tag="653" ind2=" " ind1=" ">
      <subfield code="a">Mortalitat</subfield>
   </datafield>
   <datafield tag="653" ind2=" " ind1=" ">
      <subfield code="a">Respiratory infections</subfield>
   </datafield>
   <datafield tag="653" ind2=" " ind1=" ">
      <subfield code="a">Mortality</subfield>
   </datafield>
   <datafield ind2="0" ind1="0" tag="245">
      <subfield code="a">Estimates of the global, regional, and national morbidity,&#xd;
                mortality, and aetiologies of lower respiratory infections in&#xd;
                195 countries, 1990-2016: a systematic analysis for the Global&#xd;
                Burden of Disease Study 2016</subfield>
   </datafield>
</record></metadata></record></GetRecord></OAI-PMH>